Werenoi complete les paroles lvl hard - Statistiques

Statistiques générales
  • Ce quiz a été pris 137 fois
  • Le résultat moyen est 3 sur 10
Statistiques - réponses
Hint Réponse % Correct
On fait des fafs illégalement , le prix de la montre grimpe Et le temps c'est de l'argent
52%
Des fois un grand virage c'est toujours mieux qu'un petit slalomLes rumeurs c'est comme les chibres Elles sont toujours dans la bouche des petites salopes
50%
On était jeune mais déja ténébreux, on s'voyait comme des frères Mais la faucheuse est traitre
40%
Elle veut serrer ton pote très vicieuses comme le diable Mais tu connais d'ja , elles sont comme ca C'est minimum dix si tu veux t'asseoir a sa table
28%
Elle veux des bisous , des calins Moi j'veux des bijoux des kala
28%
Le premier qui bouge, on va l'éliminerMeme un corps miné, on va t'terminer La rue c'est relou c'est pas formidable
20%
Nous le bitume on vit dans ca on t'laisse par terre si tu fais l'ancien
18%
J'rappelle qu'a la base vide était le panier Alors rien a perdre tout a gagner
17%
T'as choisi mon frère , j'ai choisi mon flaire J'suis pas la pour te plaire
14%
C'est Dieu qui donne on a tout ce que l'on mérite Donc c'est pas moi qui vais t'donner ma belle
8%
Aucun quiz correspondant
Distribution des résultats
% des personnes avec chaque résultat
Percentile par nombre de réponses
Votre historique - résultats
Vous n’avez pas pris ce quiz